000 00199nam a2200097Ia 4500
999 _c6400
_d6400
100 _aCheema, Cheema
245 0 _aBusiness Law
260 _aKarachi
_bPetiwala Book
_c2010
300 _a360
942 _cBK